To The Last Bullet: (Record no. 324201)

MARC details
000 -LEADER
fixed length control field 00476nam a2200157Ia 4500
008 - FIXED-LENGTH DATA ELEMENTS--GENERAL INFORMATION
fixed length control field 230718s9999 xx 000 0 und d
041 ## - LANGUAGE CODE
Language code of text/sound track or separate title eng
082 ## - DEWEY DECIMAL CLASSIFICATION NUMBER
Classification number 813.6'547'923
Item number KAM
100 ## - MAIN ENTRY--PERSONAL NAME
Personal name Kamte V.
9 (RLIN) 172503
245 ## - TITLE STATEMENT
Title To The Last Bullet:
Remainder of title The Inspiring Story Of Braveheart-Ashok Kamte
260 ## - PUBLICATION, DISTRIBUTION, ETC. (IMPRINT)
Date of publication, distribution, etc. 2009
Name of publisher, distributor, etc. Amey Prakashan
300 ## - PHYSICAL DESCRIPTION
Extent 221
365 ## - TRADE PRICE
Currency code Rs.
Price amount 300.00
700 ## - ADDED ENTRY--PERSONAL NAME
Personal name Kamte V. & Deshmukh V.
9 (RLIN) 191172
906 ## - LOCAL DATA ELEMENT F, LDF (RLIN)
d O:0059322-Feb-2010B:286629-Dec-2009
c GENRL
b 60
Holdings
Withdrawn status Lost status Damaged status Not for loan Home library Current library Date acquired Vendor Budget Code Cost, normal purchase price Bill number Total Checkouts Full call number Barcode Date last seen Date last checked out Discount Cost, replacement price Bill Date Koha item type Original Barcode
        Cummins College of Engineering for Women Pune Cummins College of Engineering for Women Pune 22/02/2010 Tbs GENRL 240.00 2866 2 813.6'547'923 CCEP-BK-35408 14/12/2024 05/12/2024 60 300.00 29/12/2009 Books 035408